Convencer en clase: argumentación y discurso docente

Tallennettuna:
Bibliografiset tiedot
Päätekijä: Cros, Anna (Tekijä)
Aineistotyyppi: Kirja
Kieli:espanja
Julkaistu: Barcelona Ariel 2003
Sarja:Ariel Lingüística
Aiheet:
Tagit: Lisää tagi
Ei tageja, Lisää ensimmäinen tagi!

MARC

LEADER 00000nam a2200000 a 4500
001 UCL2523
003 CL-VaPUC
008 031024e20030000SP |||||||||||||||||spa|d
020 |a 8434482517 
082 0 4 |a 168  |b CRO  |2 21 
100 0 |a Cros, Anna  |e author  |9 479635 
245 1 0 |a Convencer en clase: argumentación y discurso docente 
300 |a 148 p 
942 |c BK 
945 |d 20031024 00:00:00  |a cmena 
260 |a Barcelona  |b Ariel  |c 2003 
650 0 |a Argumentación   |9 257103 
650 7 |a PERSUASION  |2 CL-VaPUC  |9 333321 
650 0 |a Análisis del discurso  |9 256696 
650 0 |a Docentes  |9 311365 
650 0 |a Psicología aplicada   |9 270762 
583 |a last modification  |c 20031024 00:00:00  |k Rodrigo Vera 
490 0 |a Ariel Lingüística 
999 |c 305823  |d 305821 
952 |0 0  |1 0  |4 0  |6 168_000000000000000_CRO_2003  |7 0  |8 A  |9 370283  |a FDOPOS  |b FDOPOS  |d 2019-11-21  |i 3956687  |o 168 CRO 2003  |p 3956687  |r 2025-01-22  |w 2019-11-21  |y BK  |k MLA 
952 |0 0  |1 0  |4 0  |6 168_000000000000000_CRO_2003  |7 0  |8 A  |9 370284  |a BIBEDU  |b BIBEDU  |d 2019-11-21  |i 4006968  |o 168 CRO 2003  |p 4006968  |r 2019-11-21  |w 2019-11-21  |y BK  |k LIT 
952 |0 0  |1 0  |4 0  |6 168_000000000000000_CRO_2003  |7 0  |8 A  |9 370285  |a BIBEDU  |b BIBEDU  |d 2019-11-21  |i 4006976  |o 168 CRO 2003  |p 4006976  |r 2019-11-21  |w 2019-11-21  |y BK  |k LIT 
952 |0 0  |1 0  |4 0  |6 168_000000000000000_CRO_2003  |7 0  |8 A  |9 370286  |a FDOPOS  |b FDOPOS  |d 2019-11-21  |i 4005627  |o 168 CRO 2003  |p 4005627  |r 2025-01-22  |w 2019-11-21  |y BK  |k MLA 
952 |0 0  |1 0  |4 0  |6 168_000000000000000_CRO_2003  |7 0  |8 A  |9 370287  |a FDOPOS  |b FDOPOS  |d 2019-11-21  |i 4042514  |o 168 CRO 2003  |p 4042514  |r 2025-01-22  |w 2019-11-21  |y BK  |k MLA